| 000 | 00639nam a2200241Ia 4500 | ||
|---|---|---|---|
| 003 | OSt | ||
| 005 | 20230619094644.0 | ||
| 008 | 210423s2014 xx 000 0 und d | ||
| 020 | _a978-81-224-3432-3 | ||
| 040 | _cAL | ||
| 041 | _aeng | ||
| 082 | _a541.35 ROHF | ||
| 100 |
_aROHATGI-MUKHERJEE (K K) _9102660 |
||
| 245 | _aFundamentals of photochemistry Ed 3 | ||
| 250 | _a3 | ||
| 260 |
_aNew Delhi _bNew Age International _c2014 |
||
| 300 |
_axvi,370p _bPB |
||
| 365 |
_b299 _cINR |
||
| 650 |
_aChemistry _9102661 |
||
| 650 |
_aPhysical Chemistry _9102662 |
||
| 906 | _a3 ; Ed ; Fundamentals ; photochemistry | ||
| 942 |
_2ddc _cBK |
||
| 999 |
_c165904 _d165904 |
||